000 00721cam a2200229 a 4500
001 000018121
005 20200929165349.0
008 740315s1974 ctu b 001 0 eng d
020 _a0300016557
040 _aDO-SdBNP
_beng
_cLC
_dBNPHU
050 0 0 _aDS871.5
_b.B66
082 _ann*
_bB689t
100 1 _aBolitho, Harold.
_939268
245 1 0 _aTreasures among men :
_bthe fudai daimyo in Tokugawa Japan /
_cHarold Bolitho.
260 _aNew Haven :
_bYale University Press,
_c1974.
300 _axiii, 278 p. ;
_c23 cm.
504 _aBibliografía: p. 263-270.
650 0 _aDaimyo.
_939269
651 0 _aJapan
_xPolitics And Government
_y1600-1868.
_939270
910 _aCatalogación por copia / LC
049 _aBNGR
999 _c17642
_d17642